How to begin studying english literature
שמור ב:
| מחבר ראשי: | |
|---|---|
| פורמט: | ספר |
| שפה: | Undetermined |
| יצא לאור: |
New York
Palgrave
2002
|
| תגים: |
הוספת תג
אין תגיות, היה/י הראשונ/ה לתייג את הרשומה!
|
| Thư viện lưu trữ: | Trung tâm Học liệu Trường Đại học Cần Thơ |
|---|
| LEADER | 00409nam a2200157Ia 4500 | ||
|---|---|---|---|
| 001 | CTU_65739 | ||
| 008 | 210402s9999 xx 000 0 und d | ||
| 020 | |b 383000 | ||
| 082 | |a 820.7 | ||
| 082 | |b M365 | ||
| 100 | |a Nicholas Marsh | ||
| 245 | 0 | |a How to begin studying english literature | |
| 260 | |a New York | ||
| 260 | |b Palgrave | ||
| 260 | |c 2002 | ||
| 980 | |a Trung tâm Học liệu Trường Đại học Cần Thơ | ||